Geology of the Slana-Tok district, Alaska, (Record no. 27499)
[ view plain ]
| 000 -LEADER | |
|---|---|
| fixed length control field | 00972cam a22002531 4500 |
| 001 - CONTROL NUMBER | |
| control field | gs 38000292 |
| 003 - CONTROL NUMBER IDENTIFIER | |
| control field | DLC |
| 005 - DATE AND TIME OF LATEST TRANSACTION | |
| control field | 20260227111343.0 |
| 008 - FIXED-LENGTH DATA ELEMENTS--GENERAL INFORMATION | |
| fixed length control field | 770317s1938 dcuab b f000 0 eng c |
| 010 ## - LIBRARY OF CONGRESS CONTROL NUMBER | |
| LC control number | gs 38000292 |
| 040 ## - CATALOGING SOURCE | |
| Original cataloging agency | U.S. Geol. survey. Library (200)E no. 904 |
| Transcribing agency | ak |
| Modifying agency | DLC |
| 043 ## - GEOGRAPHIC AREA CODE | |
| Geographic area code | n-us-ak |
| 050 00 - LIBRARY OF CONGRESS CALL NUMBER | |
| Classification number | QE75 |
| Item number | .B9 no. 904 |
| 051 ## - LIBRARY OF CONGRESS COPY, ISSUE, OFFPRINT STATEMENT | |
| Classification number | QE84.S6 |
| Item number | M58 |
| Copy information | Copy 2. |
| 100 1# - MAIN ENTRY--PERSONAL NAME | |
| Personal name | Moffit, Fred H. |
| Fuller form of name | (Fred Howard), |
| Dates associated with a name | 1874-1958? |
| 245 00 - TITLE STATEMENT | |
| Title | Geology of the Slana-Tok district, Alaska, |
| Statement of responsibility, etc. | by Fred H. Moffit. |
| 260 ## - PUBLICATION, DISTRIBUTION, ETC. | |
| Place of publication, distribution, etc. | Washington, |
| Name of publisher, distributor, etc. | U.S. Govt. print. off., |
| Date of publication, distribution, etc. | 1938. |
| 300 ## - PHYSICAL DESCRIPTION | |
| Extent | iv, 54 p. incl. illus., tables, diagrs. |
| Other physical details | 4 pl. (incl. fold. map (in pocket)) |
| Dimensions | 23 cm. |
| 490 0# - SERIES STATEMENT | |
| Series statement | United States. Geological survey. Bulletin 904 |
| 500 ## - GENERAL NOTE | |
| General note | At head of title: United States Department of the interior ... Geological survey. |
| 504 ## - BIBLIOGRAPHY, ETC. NOTE | |
| Bibliography, etc. note | Bibliographical foot-notes ... |
| 650 #0 - SUBJECT ADDED ENTRY--TOPICAL TERM | |
| Topical term or geographic name entry element | Geology |
| Geographic subdivision | Alaska. |
| 740 0# - ADDED ENTRY--UNCONTROLLED RELATED/ANALYTICAL TITLE | |
| Uncontrolled related/analytical title | Slana-Tok district, Alaska, Geology of the. |
No items available.